Java : (Record no. 37438)

MARC details
000 -LEADER
fixed length control field 00739nam a22002177a 4500
005 - DATE AND TIME OF LATEST TRANSACTION
control field 20100723154034.0
010 ## - LCCN (DPL NO)
LC control number ENG-96787
020 ## - INTERNATIONAL STANDARD BOOK NUMBER
International Standard Book Number 9788120338326
Terms of availability 695.00
035 ## - SYSTEM CONTROL NUMBER
System control number EN-80320
037 ## - SOURCE OF ACQUISITION
Source of stock number/acquisition DBAD/PUB
082 ## - DEWEY DECIMAL CLASSIFICATION NUMBER
Classification number 005.133
100 ## - MAIN ENTRY--PERSONAL NAME
Personal name Deitel, Paul
245 ## - TITLE STATEMENT
Title Java :
Remainder of title how to program /
Statement of responsibility, etc by paul deite [and] harvey deitel
250 ## - EDITION STATEMENT
Edition statement 8th ed
260 ## - PUBLICATION, DISTRIBUTION, ETC. (IMPRINT)
Place of publication, distribution, etc New Delhi
Name of publisher, distributor, etc Phi learning
Date of publication, distribution, etc 2010
270 ## - ADDRESS
Address M-97, Connaught circus,
300 ## - PHYSICAL DESCRIPTION
Extent xxxviii ,1506 p
Dimensions 23 cm.(pbk)
Accompanying material 1CD-ROM
700 ## - ADDED ENTRY--PERSONAL NAME
Personal name Deitel, Harvey
9 (RLIN) 1060
942 ## - ADDED ENTRY ELEMENTS (KOHA)
Source of classification or shelving scheme Dewey Decimal Classification
Item type English Books
Classification part 005.133
Call number suffix DEI
Holdings
Withdrawn status Lost status Not for loan Collection code Home library Current library Date acquired Source of acquisition Cost, normal purchase price Full call number Barcode Copy number Cost, replacement price Koha item type
    Not For Loan Non-fiction D.B.Act.Division D.B.Act.Division 23/07/2010 DBAD/PUB 695.00 005.133 DEI EN-80320 1 695.00 English Books

© Delhi Public Library
Hit Counter
free hit counter